Statistics for PokeQuiz Evoli

Click here to take the quiz!

General Stats

  • This quiz has been taken 3 times
  • The average score is 5 of 9

Answer Stats

Answer % Correct
#133Evoli
100%
#134Aquali
67%
#135Voltali
67%
#136Pyroli
67%
#196Mentali
33%
#197Noctali
33%
#470Phyllali
33%
#471Givrali
33%
#700Nymphali
33%

Score Distribution

Percentile by Number Answered

Percent of People with Each Score

Your Score History

You have not taken this quiz